| 000 | 00973nam a22001937a 4500 | ||
|---|---|---|---|
| 999 |
_c61918 _d61918 |
||
| 003 | Ge_BSU | ||
| 005 | 20240607163739.0 | ||
| 008 | 240607s1967 ge ||||| |||| 00| 0 geo d | ||
| 041 | _aგეო | ||
| 080 | _a342.5(049.32) შ-21 | ||
| 100 |
_aშანიძე, ვახტანგ _922369 |
||
| 245 |
_aცეცხლსასროლ დაზიანებათა ექსპერტიზა / _cვახტანგ შანიძე; რედ. ნ. დოლიძე. |
||
| 264 |
_aთბ. : _bსაბჭ. საქართველო, _c1967. |
||
| 300 |
_a235 გვ. : _bილ. ; _c21 სმ. |
||
| 653 | _aსასამართლო ტრავმატოლოგია | ||
| 653 | _aცეცხლსასროლი იარაღით მიყენებული დიზიანების ექსპერტიზა | ||
| 700 |
_aდოლიძე, ნ. _eრედაქტორი _922370 |
||
| 942 |
_2udc _cBK |
||